| 000 | 01507nam0a22003131 4500 | ||
|---|---|---|---|
| 001 | rc\2260578 | ||
| 005 | 20250623100806.0 | ||
| 035 | _a(NLR Aleph) 006714797 | ||
| 090 |
_a5380925 _c5380924 |
||
| 100 | _a20110829d1979 |||y0rusy50 ca | ||
| 101 | 0 | _arus | |
| 102 | _aRU | ||
| 105 | _aa i ||||| | ||
| 200 | 1 |
_aСтатистическое моделирование гидрологических процессов при водохозяйственных расчетах _e[Доклад] _fМеждунар. симпоз. по специф. аспектам гидрол. расчетов для водохоз. проектирования [3-7 сент. 1979 г., Ленинград] _gМузылев С.В., Привальский В.Е., Раткович Д.Я. |
|
| 210 |
_aМосква _cГидрометеоиздат. Моск. отд-ние _d1979 |
||
| 215 |
_a10 с. _cил. _d20 |
||
| 300 | _aВ надзаг.: ЮНЕСКО, Междунар. гидрол. программа | ||
| 320 | _aБиблиогр.: с. 9-10 | ||
| 606 |
_aГидрология _xСтатистические методы _2psbo |
||
| 700 | 1 |
_aМузылев _bС.В. _gСергей Васильевич |
|
| 701 | 1 |
_aРаткович _bД.Я. _gДаниил Яковлевич |
|
| 701 | 1 |
_aПривальский _bВ.Е. |
|
| 801 | 0 |
_aRU _bNLR _gpsbo |
|
| 801 | 1 |
_aRU _bELAR _2rusmarc |
|
| 852 |
_aNLR _j79-4/28647 |
||
| 899 |
_aRuMoRGB _jБ 79-8/125 |
||
| 899 |
_aRuMoRGB _jБ 79-8/127 |
||
| 942 | _cBOOK | ||
| 980 | _aNB | ||